书目信息 |
| 题名: |
全球民俗趣谈
|
|
| 作者: | 宋璐璐 主编 | |
| 分册: | ||
| 出版信息: | 武汉 华中科技大学出版社 2014.7 |
|
| 页数: | 300页 | |
| 开本: | 21cm | |
| 丛书名: | ||
| 单 册: | ||
| 中图分类: | K891-49 | |
| 科图分类: | ||
| 主题词: | 风俗习惯--feng su xi guan--世界--青少年读物 | |
| 电子资源: | ||
| ISBN: | 978-7-5609-9857-2 | |
| 000 | 00983nam0 2200241 450 | |
| 001 | 0100004208 | |
| 005 | 20140618103915.4 | |
| 010 | @a978-7-5609-9857-2@dCNY32.00 | |
| 100 | @a20130318d2014 a y0chiy0121 ea | |
| 101 | 0 | @achi |
| 102 | @aCN@b420000 | |
| 105 | @ay z 000yy | |
| 106 | @ar | |
| 200 | 1 | @a全球民俗趣谈@Aquan qiu min su qu tan@f宋璐璐 |
| 210 | @a武汉@c华中科技大学出版社@d2014.7 | |
| 215 | @a300页@d21cm | |
| 314 | @a宋璐璐, 女, 首都师范大学中文系研究生, 兼修汉语言专业。 | |
| 330 | @a本书以广大青少年和学生为主要对象, 并兼顾各不同层次和领域读者需要, 该书选材独特新颖, 语言幽默流畅, 读者在阅读的过程中增长知识。本书涵盖了全球民俗文化, 从亚马逊到撒哈拉, 从北极到赤道, 从白人到黑人, 从现代文明到原始部落……展示了开阔眼界的世界民族的独特风俗, 让你眼花缭乱, 回味无穷。 | |
| 606 | 0 | @a风俗习惯@Afeng su xi guan@y世界@j青少年读物 |
| 690 | @aK891-49@v5 | |
| 701 | 0 | @a宋璐璐@Asong lu lu@4主编 |
| 801 | 0 | @aCN@c20160515 |
| 905 | @a河南城建学院图书馆@dK891-49@eS771 | |
| 全球民俗趣谈/宋璐璐.-武汉:华中科技大学出版社,2014.7 |
| 300页;21cm |
| ISBN 978-7-5609-9857-2:CNY32.00 |
| 本书以广大青少年和学生为主要对象, 并兼顾各不同层次和领域读者需要, 该书选材独特新颖, 语言幽默流畅, 读者在阅读的过程中增长知识。本书涵盖了全球民俗文化, 从亚马逊到撒哈拉, 从北极到赤道, 从白人到黑人, 从现代文明到原始部落……展示了开阔眼界的世界民族的独特风俗, 让你眼花缭乱, 回味无穷。 |
| ● |
| 相关链接 |
|
|
|
正题名:全球民俗趣谈
索取号:K891-49/S771
 
预约/预借
| 序号 | 登录号 | 条形码 | 馆藏地/架位号 | 状态 | 备注 |
| 1 | 1252052 | 212520529 | 社科库309/309社科库 10排1列3层/ [索取号:K891-49/S771] | 在馆 | |
| 2 | 1252053 | 212520538 | 社科库309/309社科库 10排1列3层/ [索取号:K891-49/S771] | 在馆 | |
| 3 | 1252054 | 212520547 | 社科库309/309社科库 10排1列3层/ [索取号:K891-49/S771] | 在馆 |